000 00595nam a22002297a 4500
003 UA-OsUOA
001 48458
007 ta
008 20070906b un ||||| |||| 00| 0 ukr d
100 _aШпильова О.
090 _a82.09
_bШ83
942 _cBK
040 _aUA-OsUOA
_bukr
_cUA-OsUOA
_dUA-OsUOA
245 _aАктивність поетичної думки
300 _a259 с.
955 _a2
041 _aukr
080 _a82.09
260 _aК.
_bДніпро
_c1973
650 7 _a82 Література. Літературознавство
_2UDC
999 _c334569
_d334569